00307nam a22001337a 4500003000700000005001700007008004100024082001700065100002000082245002800102260003000130300000800160650000500168MPLRDC20220104142526.0210129b ||||| |||| 00| 0 eng d a225 BYFS c.3 a伯圆法师著 a松涛声里话前尘c ab湖滨精舍众弟子c b平 a